000 00961cab a2200205 4500
001 ##L133727
008 060606n2006 000 0 eng u
035 _a(Sirsi) u133727
041 0 _aeng
100 1 _aStocks, Caroline
245 0 0 _aAgency 2006
260 _c2006
490 0 _aProperty Week
_v71(22) 2 June 2006, 29-36(8)
520 _aSurveys the UK's property services companies, with European and global analysis. Includes league tables ranked by UK turnover and by turnover per fee earner. Also includes league tables for top firms worldwide and in Europe ranked by turnover. Reports on how UK firms are faring after making joint venture alliances with US firms, and on speculation on the trend for multidisciplinary practices to acquire retail agents. Tables and graphs.
590 _aIKA200606
651 4 _aUnited Kingdom
_y
690 _aPROPERTY-COMMERCIAL PROPERTY-COMMERCIAL PROPERTY AGENCY
700 1 _aEade, Christine
942 _n0
999 _c77176
_d77176